000 00631nam a2200205 4500
001 148482
003 ES-MaACL
005 20230906202649.0
007 t|
008 070214s1960 sp r ||||1| spa d
100 1 _aSteinbeck, John (
_d1902-1968)
_9108042
245 1 3 _aEl valle largo /
_cJohn Steinbeck ; versión española de Francisco Baldiz.
260 _aBarcelona :
_bLuis de Caralt,
_c1960.
300 _a263 p. ;
_c21 cm.
490 1 _aCol. la torre de marfil
700 1 _aBaldiz, Francisco.
_924892
830 0 _aCol. la torre de marfil
_9221015
852 _aES-MaACL
_jC-17557
_bR.45816
999 _c148482
_d148482